000 00440nam a2200181Ia 4500
008 090122s9999 xx 000 0 und d
082 _b11177
100 _aDAVIS
_bMARGARET
_cTHOMSON
245 _aTHE KIND OF IMMORTALITY
260 _bARROW
_c1997
300 _a340
501 _aबि. नं.2255
600 _aDAVIS
630 _aTHE KIND OF IMMORTALITY
700 _aDAVIS
730 _aTHE KIND OF IMMORTALITY
942 _cBOOK
999 _c35254
_d35254